| 000 | 00504cam a2200157 4500 | ||
|---|---|---|---|
| 008 | 150618n 000 0 eng u | ||
| 020 | _a0443073104 | ||
| 035 | _a(Sirsi) a190613 | ||
| 050 | _aQR 181 IMM 2005 | ||
| 245 |
_aImmunobiology: _bthe immune system in health and disease/ _cChales A. Janeway...[et al] |
||
| 250 | _a6th ed. | ||
| 260 |
_aNew York: _bGland Science, _c2005 |
||
| 300 |
_axxiii, 823p.: _bill. |
||
| 504 | _aIncludes bibliographical references and index | ||
| 650 | _aJaneway, Chales A. | ||
| 999 |
_c2623 _d2623 |
||